Called to be. (Record no. 7421)

000 -LEADER
fixed length control field 00580nam a2200193 a 4500
001 - CONTROL NUMBER
control field :::00005182$&:&@@
003 - CONTROL NUMBER IDENTIFIER
control field OkBaRHE
005 - DATE AND TIME OF LATEST TRANSACTION
control field 20000607103323.0
008 - FIXED-LENGTH DATA ELEMENTS--GENERAL INFORMATION
fixed length control field s1978 j 000 0 eng u
040 ## - CATALOGING SOURCE
Transcribing agency
100 1# - MAIN ENTRY--PERSONAL NAME
Personal name Lacy, Donald Charles.
245 10 - TITLE STATEMENT
Title Called to be.
260 ## - PUBLICATION, DISTRIBUTION, ETC. (IMPRINT)
Place of publication, distribution, etc Lima, OH., :
Name of publisher, distributor, etc C. S. S. Publishing Co.
Date of publication, distribution, etc c1978
300 ## - PHYSICAL DESCRIPTION
Extent 158 p. ;
Dimensions 21 cm.
650 ## - SUBJECT ADDED ENTRY--TOPICAL TERM
Topical term or geographic name as entry element Sermon On The Mount
650 ## - SUBJECT ADDED ENTRY--TOPICAL TERM
Topical term or geographic name as entry element United Methodist Church
General subdivision Sermons
942 ## - ADDED ENTRY ELEMENTS (KOHA)
Source of classification or shelving scheme
Koha item type Books
Copies
Damaged status Date last seen Source of classification or shelving scheme Koha item type Price effective from Not for loan Lost status Permanent Location Full call number Barcode Withdrawn status Copy number Date acquired Shelving location
 2010-04-14 Books2010-04-14  RHEMA Bible Training CollegeBT 380.2 .L295182 12010-04-14General Stacks